000 00206nam a22000857a 4500
008 170110b xxu||||| |||| 00| 0 eng d
100 _92292
_aScholastic inc
245 _aFranklin is Messy
260 _aCanada
_c2008
999 _c5189
_d5189